00572nam a22001815i 4500001000700000003000900007005001700016008004100033100002300074245011900097250001500216260004300231300002200274490001900296700003300315830001900348852002300367171832ES-MaACL20250808022132.0090602s1956 sp |||| | spa d1 aSolov'iov, Mijail.10aMis nueve vidas en el ejército rojo / cMikhail Soloviev ; [versión española de Carlos Paytuví de Sierra]. a[1ª ed.]. aBarcelona : bLuis de Caralt, c[1956] a312 p. ; c20 cm.1 aLa vida vivida1 aPaytuví de Sierra, Carlos.03aLa vida vivida aES-MaACLjC-11003